[Event "8th Vellmar Chess Days"]
[Site "chess24.com"]
[Date "2016.07.29"]
[Round "3"]
[White "Lukas, Anne"]
[Black "Koch, Yannick"]
[Result "0-1"]
[Board "39"]
[WhiteElo "1821"]
[WhiteTeam "SK Gernsheim"]
[WhiteCountry "GER"]
[WhiteFideId "12945064"]
[WhiteEloChange "-7"]
[BlackElo "1930"]
[BlackTeam "Hamelner SV"]
[BlackCountry "GER"]
[BlackFideId "24661678"]
[BlackEloChange "7"]

1. d4 {[%clk 1:30:30]} e6 {[%clk 1:30:30]} 2. e4 {[%clk 1:30:30]} d5 {[%clk
1:30:30]} 3. exd5 {[%clk 1:30:30]} exd5 {[%clk 1:30:30]} 4. Nf3 {[%clk 1:30:30]}
Nc6 {[%clk 1:30:30]} 5. Bb5 {[%clk 1:30:30]} Bd6 {[%clk 1:30:30]} 6. O-O {[%clk
1:30:30]} Ne7 {[%clk 1:30:30]} 7. Nc3 {[%clk 1:30:30]} Bg4 {[%clk 1:30:30]} 8. h3
{[%clk 1:30:30]} Bh5 {[%clk 1:30:30]} 9. Re1 {[%clk 1:30:30]} O-O {[%clk
1:30:30]} 10. Be3 {[%clk 1:30:30]} a6 {[%clk 1:30:30]} 11. Bxc6 {[%clk 1:30:30]}
bxc6 {[%clk 1:30:30]} 12. g4 {[%clk 1:30:30]} Bg6 {[%clk 1:30:30]} 13. Ne5 {[%clk
1:30:30]} f6 {[%clk 1:30:30]} 14. Nxg6 {[%clk 1:30:30]} Nxg6 {[%clk 1:30:30]} 15.
Ne2 {[%clk 1:30:30]} f5 {[%clk 1:30:30]} 16. f3 {[%clk 1:30:30]} fxg4 {[%clk
1:30:30]} 17. fxg4 {[%clk 1:30:30]} Qh4 {[%clk 1:30:30]} 18. Kg2 {[%clk 1:30:30]}
Rae8 {[%clk 1:30:30]} 19. Qd2 {[%clk 1:30:30]} Qe7 {[%clk 1:30:30]} 20. Nf4
{[%clk 1:30:30]} Qe4+ {[%clk 1:30:30]} 0-1

[Event "8th Vellmar Chess Days"]
[Site "chess24.com"]
[Date "2016.07.29"]
[Round "3"]
[White "Schnegelberger, Leon"]
[Black "Nielsen, Michael Volstrup"]
[Result "0-1"]
[Board "40"]
[WhiteElo "1924"]
[WhiteTeam "Kasseler SK"]
[WhiteCountry "GER"]
[WhiteFideId "16211871"]
[WhiteEloChange "-13"]
[BlackElo "1827"]
[BlackTeam "Sydøstlolland Skakklub"]
[BlackCountry "DEN"]
[BlackFideId "1454749"]
[BlackEloChange "13"]

1. d4 {[%clk 1:30:30]} Nf6 {[%clk 1:30:30]} 2. c4 {[%clk 1:30:30]} c5 {[%clk
1:30:30]} 3. d5 {[%clk 1:30:30]} e5 {[%clk 1:30:30]} 4. Nc3 {[%clk 1:30:30]} d6
{[%clk 1:30:30]} 5. e4 {[%clk 1:30:30]} Be7 {[%clk 1:30:30]} 6. f3 {[%clk
1:30:30]} Nbd7 {[%clk 1:30:30]} 7. Be3 {[%clk 1:30:30]} Nf8 {[%clk 1:30:30]} 8.
Bd3 {[%clk 1:30:30]} Ng6 {[%clk 1:30:30]} 9. Nge2 {[%clk 1:30:30]} O-O {[%clk
1:30:30]} 10. Qd2 {[%clk 1:30:30]} a6 {[%clk 1:30:30]} 11. Rg1 {[%clk 1:30:30]}
Nh4 {[%clk 1:30:30]} 12. O-O-O {[%clk 1:30:30]} Ne8 {[%clk 1:30:30]} 13. Rdf1
{[%clk 1:30:30]} Nc7 {[%clk 1:30:30]} 14. g3 {[%clk 1:30:30]} Ng6 {[%clk
1:30:30]} 15. h4 {[%clk 1:30:30]} b5 {[%clk 1:30:30]} 16. h5 {[%clk 1:30:30]} Nh8
{[%clk 1:30:30]} 17. g4 {[%clk 1:30:30]} bxc4 {[%clk 1:30:30]} 18. Bxc4 {[%clk
1:30:30]} Nb5 {[%clk 1:30:30]} 19. Ng3 {[%clk 1:30:30]} Nxc3 {[%clk 1:30:30]} 20.
Qxc3 {[%clk 1:30:30]} Bg5 {[%clk 1:30:30]} 21. Nf5 {[%clk 1:30:30]} f6 {[%clk
1:30:30]} 22. Qd2 {[%clk 1:30:30]} Nf7 {[%clk 1:30:30]} 23. f4 {[%clk 1:30:30]}
exf4 {[%clk 1:30:30]} 24. Bxf4 {[%clk 1:30:30]} Bxf4 {[%clk 1:30:30]} 25. Qxf4
{[%clk 1:30:30]} Ne5 {[%clk 1:30:30]} 26. Be2 {[%clk 1:30:30]} Rb8 {[%clk
1:30:30]} 27. g5 {[%clk 1:30:30]} Bxf5 {[%clk 1:30:30]} 28. Qxf5 {[%clk 1:30:30]}
Qb6 {[%clk 1:30:30]} 29. b3 {[%clk 1:30:30]} c4 {[%clk 1:30:30]} 30. gxf6 {[%clk
1:30:30]} Rf7 {[%clk 1:30:30]} 31. Rxg7+ {[%clk 1:30:30]} Rxg7 {[%clk 1:30:30]}
32. fxg7 {[%clk 1:30:30]} Kxg7 {[%clk 1:30:30]} 33. Qf6+ {[%clk 1:30:30]} Kg8
{[%clk 1:30:30]} 34. Rg1+ {[%clk 1:30:30]} 0-1

[Event "8th Vellmar Chess Days"]
[Site "chess24.com"]
[Date "2016.07.29"]
[Round "3"]
[White "Koenig, Friedrich Theodor"]
[Black "Reitz, Philipp"]
[Result "1-0"]
[Board "41"]
[WhiteElo "1805"]
[WhiteTeam "Segeberger SF"]
[WhiteCountry "GER"]
[WhiteFideId "12956600"]
[WhiteEloChange "13"]
[BlackElo "1924"]
[BlackTeam "VfR-SC Koblenz"]
[BlackCountry "GER"]
[BlackFideId "12973297"]
[BlackEloChange "-13"]

1. d4 {[%clk 1:30:30]} Nf6 {[%clk 1:30:30]} 2. c4 {[%clk 1:30:30]} g6 {[%clk
1:30:30]} 3. Nc3 {[%clk 1:30:30]} Bg7 {[%clk 1:30:30]} 4. e4 {[%clk 1:30:30]} d6
{[%clk 1:30:30]} 5. f3 {[%clk 1:30:30]} O-O {[%clk 1:30:30]} 6. Be3 {[%clk
1:30:30]} e5 {[%clk 1:30:30]} 7. Qd2 {[%clk 1:30:30]} Ne8 {[%clk 1:30:30]} 8.
O-O-O {[%clk 1:30:30]} Qf6 {[%clk 1:30:30]} 9. Bg5 {[%clk 1:30:30]} Qe6 {[%clk
1:30:30]} 10. d5 {[%clk 1:30:30]} Qd7 {[%clk 1:30:30]} 11. g4 {[%clk 1:30:30]} c6
{[%clk 1:30:30]} 12. h4 {[%clk 1:30:30]} a6 {[%clk 1:30:30]} 13. Be3 {[%clk
1:30:30]} c5 {[%clk 1:30:30]} 14. h5 {[%clk 1:30:30]} f6 {[%clk 1:30:30]} 15.
hxg6 {[%clk 1:30:30]} hxg6 {[%clk 1:30:30]} 16. g5 {[%clk 1:30:30]} Kf7 {[%clk
1:30:30]} 17. gxf6 {[%clk 1:30:30]} Nxf6 {[%clk 1:30:30]} 18. Nh3 {[%clk
1:30:30]} Ke8 {[%clk 1:30:30]} 19. Ng5 {[%clk 1:30:30]} Qe7 {[%clk 1:30:30]} 20.
Bh3 {[%clk 1:30:30]} Bxh3 {[%clk 1:30:30]} 21. Rxh3 {[%clk 1:30:30]} Nbd7 {[%clk
1:30:30]} 22. Ne6 {[%clk 1:30:30]} Kf7 {[%clk 1:30:30]} 23. Nxf8 {[%clk 1:30:30]}
Qxf8 {[%clk 1:30:30]} 24. Kb1 {[%clk 1:30:30]} Qb8 {[%clk 1:30:30]} 25. a4 {[%clk
1:30:30]} b5 {[%clk 1:30:30]} 26. axb5 {[%clk 1:30:30]} axb5 {[%clk 1:30:30]} 27.
Nxb5 {[%clk 1:30:30]} Ra4 {[%clk 1:30:30]} 28. b3 {[%clk 1:30:30]} Rb4 {[%clk
1:30:30]} 29. Qa2 {[%clk 1:30:30]} Rxb5 {[%clk 1:30:30]} 30. cxb5 {[%clk
1:30:30]} Qxb5 {[%clk 1:30:30]} 31. Rh2 {[%clk 1:30:30]} Nb6 {[%clk 1:30:30]} 32.
Kc2 {[%clk 1:30:30]} Qb4 {[%clk 1:30:30]} 33. Bd2 {[%clk 1:30:30]} Qb5 {[%clk
1:30:30]} 34. Qa5 {[%clk 1:30:30]} 1-0

[Event "8th Vellmar Chess Days"]
[Site "chess24.com"]
[Date "2016.07.29"]
[Round "3"]
[White "Kluempen, Andreas"]
[Black "Schellen, Sven"]
[Result "1/2-1/2"]
[Board "42"]
[WhiteElo "1917"]
[WhiteTeam "SG Ennepe-Ruhr-Süd"]
[WhiteCountry "GER"]
[WhiteFideId "16226305"]
[WhiteEloChange "-3"]
[BlackElo "1801"]
[BlackTeam "SF Frankfurt"]
[BlackCountry "GER"]
[BlackFideId "24674885"]
[BlackEloChange "3"]

1. Nf3 {[%clk 1:30:30]} Nf6 {[%clk 1:30:30]} 2. c4 {[%clk 1:30:30]} c5 {[%clk
1:30:30]} 3. Nc3 {[%clk 1:30:30]} d5 {[%clk 1:30:30]} 4. cxd5 {[%clk 1:30:30]}
Nxd5 {[%clk 1:30:30]} 5. g3 {[%clk 1:30:30]} Nc7 {[%clk 1:30:30]} 6. Bg2 {[%clk
1:30:30]} Nc6 {[%clk 1:30:30]} 7. O-O {[%clk 1:30:30]} Rb8 {[%clk 1:30:30]} 8. d3
{[%clk 1:30:30]} e5 {[%clk 1:30:30]} 9. Bd2 {[%clk 1:30:30]} Be7 {[%clk 1:30:30]}
10. Rc1 {[%clk 1:30:30]} O-O {[%clk 1:30:30]} 11. Ne4 {[%clk 1:30:30]} b6 {[%clk
1:30:30]} 12. Bc3 {[%clk 1:30:30]} f6 {[%clk 1:30:30]} 13. a3 {[%clk 1:30:30]}
Be6 {[%clk 1:30:30]} 14. Qc2 {[%clk 1:30:30]} Nd4 {[%clk 1:30:30]} 15. Bxd4
{[%clk 1:30:30]} exd4 {[%clk 1:30:30]} 16. Ned2 {[%clk 1:30:30]} Nd5 {[%clk
1:30:30]} 17. Rfe1 {[%clk 1:30:30]} Qd7 {[%clk 1:30:30]} 18. Nf1 {[%clk 1:30:30]}
Kh8 {[%clk 1:30:30]} 19. Qd2 {[%clk 1:30:30]} Bd6 {[%clk 1:30:30]} 20. e3 {[%clk
1:30:30]} dxe3 {[%clk 1:30:30]} 21. Nxe3 {[%clk 1:30:30]} Ne7 {[%clk 1:30:30]}
22. Nc4 {[%clk 1:30:30]} Ng6 {[%clk 1:30:30]} 23. Re3 {[%clk 1:30:30]} Bc7 {[%clk
1:30:30]} 24. Rce1 {[%clk 1:30:30]} Bh3 {[%clk 1:30:30]} 25. d4 {[%clk 1:30:30]}
b5 {[%clk 1:30:30]} 26. Na5 {[%clk 1:30:30]} Bxg2 {[%clk 1:30:30]} 27. Kxg2
{[%clk 1:30:30]} Qd5 {[%clk 1:30:30]} 28. Nb3 {[%clk 1:30:30]} c4 {[%clk
1:30:30]} 29. Nc1 {[%clk 1:30:30]} a5 {[%clk 1:30:30]} 30. Kg1 {[%clk 1:30:30]}
b4 {[%clk 1:30:30]} 31. axb4 {[%clk 1:30:30]} axb4 {[%clk 1:30:30]} 32. h4 {[%clk
1:30:30]} Ba5 {[%clk 1:30:30]} 33. Ne2 {[%clk 1:30:30]} Rfc8 {[%clk 1:30:30]} 34.
Rc1 {[%clk 1:30:30]} Rb7 {[%clk 1:30:30]} 35. b3 {[%clk 1:30:30]} c3 {[%clk
1:30:30]} 36. Qc2 {[%clk 1:30:30]} Ra8 {[%clk 1:30:30]} 37. Ra1 {[%clk 1:30:30]}
Re7 {[%clk 1:30:30]} 38. Rxe7 {[%clk 1:30:30]} Nxe7 {[%clk 1:30:30]} 39. Ne1
{[%clk 1:30:30]} Bb6 {[%clk 1:30:30]} 40. Nf4 {[%clk 1:30:30]} Rxa1 {[%clk
1:30:30]} 41. Nxd5 {[%clk 1:30:30]} Rxe1+ {[%clk 1:30:30]} 42. Kg2 {[%clk
1:30:30]} Nxd5 {[%clk 1:30:30]} 43. Qf5 {[%clk 1:30:30]} Ne7 {[%clk 1:30:30]} 44.
Qb5 {[%clk 1:30:30]} h6 {[%clk 1:30:30]} 45. Qxb4 {[%clk 1:30:30]} Bxd4 {[%clk
1:30:30]} 46. Qc4 {[%clk 1:30:30]} Be5 {[%clk 1:30:30]} 47. b4 {[%clk 1:30:30]}
Rd1 {[%clk 1:30:30]} 48. b5 {[%clk 1:30:30]} Rd2 {[%clk 1:30:30]} 49. Qc5 {[%clk
1:30:30]} Nd5 {[%clk 1:30:30]} 50. h5 {[%clk 1:30:30]} Kh7 {[%clk 1:30:30]} 51.
b6 {[%clk 1:30:30]} c2 {[%clk 1:30:30]} 52. b7 {[%clk 1:30:30]} Ne3+ {[%clk
1:30:30]} 53. Qxe3 {[%clk 1:30:30]} c1Q {[%clk 1:30:30]} 54. Qe4+ {[%clk
1:30:30]} 1/2-1/2

[Event "8th Vellmar Chess Days"]
[Site "chess24.com"]
[Date "2016.07.29"]
[Round "3"]
[White "Pubantz, Jan"]
[Black "Wuestehube, Harry"]
[Result "1-0"]
[Board "43"]
[WhiteElo "1723"]
[WhiteTeam "SK Ricklingen"]
[WhiteCountry "GER"]
[WhiteFideId "12996114"]
[WhiteEloChange "14"]
[BlackElo "1888"]
[BlackTeam "Kasseler SK"]
[BlackCountry "GER"]
[BlackFideId "24614084"]
[BlackEloChange "-14"]

1. d4 {[%clk 1:30:30]} Nf6 {[%clk 1:30:30]} 2. c4 {[%clk 1:30:30]} g6 {[%clk
1:30:30]} 3. Nc3 {[%clk 1:30:30]} Bg7 {[%clk 1:30:30]} 4. e4 {[%clk 1:30:30]} d6
{[%clk 1:30:30]} 5. Be2 {[%clk 1:30:30]} O-O {[%clk 1:30:30]} 6. Be3 {[%clk
1:30:30]} e5 {[%clk 1:30:30]} 7. Nf3 {[%clk 1:30:30]} Nbd7 {[%clk 1:30:30]} 8. d5
{[%clk 1:30:30]} Nc5 {[%clk 1:30:30]} 9. Nd2 {[%clk 1:30:30]} a5 {[%clk 1:30:30]}
10. a3 {[%clk 1:30:30]} Bd7 {[%clk 1:30:30]} 11. b3 {[%clk 1:30:30]} Ne8 {[%clk
1:30:30]} 12. Qc2 {[%clk 1:30:30]} f5 {[%clk 1:30:30]} 13. f3 {[%clk 1:30:30]}
Nf6 {[%clk 1:30:30]} 14. O-O-O {[%clk 1:30:30]} fxe4 {[%clk 1:30:30]} 15. fxe4
{[%clk 1:30:30]} Ng4 {[%clk 1:30:30]} 16. Bxg4 {[%clk 1:30:30]} Bxg4 {[%clk
1:30:30]} 17. Rdf1 {[%clk 1:30:30]} Qe7 {[%clk 1:30:30]} 18. Rxf8+ {[%clk
1:30:30]} Rxf8 {[%clk 1:30:30]} 19. b4 {[%clk 1:30:30]} axb4 {[%clk 1:30:30]} 20.
axb4 {[%clk 1:30:30]} Na6 {[%clk 1:30:30]} 21. Na2 {[%clk 1:30:30]} c6 {[%clk
1:30:30]} 22. dxc6 {[%clk 1:30:30]} bxc6 {[%clk 1:30:30]} 23. Qa4 {[%clk
1:30:30]} Qb7 {[%clk 1:30:30]} 24. Nb3 {[%clk 1:30:30]} Rc8 {[%clk 1:30:30]} 25.
Kb2 {[%clk 1:30:30]} Be2 {[%clk 1:30:30]} 26. Na5 {[%clk 1:30:30]} Qa8 {[%clk
1:30:30]} 27. Nc3 {[%clk 1:30:30]} Bg4 {[%clk 1:30:30]} 28. Nb3 {[%clk 1:30:30]}
Qb7 {[%clk 1:30:30]} 29. b5 {[%clk 1:30:30]} cxb5 {[%clk 1:30:30]} 30. cxb5
{[%clk 1:30:30]} Nc7 {[%clk 1:30:30]} 31. b6 {[%clk 1:30:30]} Ne8 {[%clk
1:30:30]} 32. Ra1 {[%clk 1:30:30]} Bd7 {[%clk 1:30:30]} 33. Qa7 {[%clk 1:30:30]}
Rb8 {[%clk 1:30:30]} 34. Qxb7 {[%clk 1:30:30]} Rxb7 {[%clk 1:30:30]} 35. Na5
{[%clk 1:30:30]} Rb8 {[%clk 1:30:30]} 36. Nd5 {[%clk 1:30:30]} Nf6 {[%clk
1:30:30]} 37. Ne7+ {[%clk 1:30:30]} Kf7 {[%clk 1:30:30]} 38. Nec6 {[%clk
1:30:30]} Re8 {[%clk 1:30:30]} 39. b7 {[%clk 1:30:30]} Bxc6 {[%clk 1:30:30]} 40.
Nxc6 {[%clk 1:30:30]} Nd7 {[%clk 1:30:30]} 41. Ra8 {[%clk 1:30:30]} Bf6 {[%clk
1:30:30]} 42. b8Q {[%clk 1:30:30]} Nxb8 {[%clk 1:30:30]} 43. Rxb8 {[%clk
1:30:30]} Rxb8+ {[%clk 1:30:30]} 44. Nxb8 {[%clk 1:30:30]} Ke6 {[%clk 1:30:30]}
45. Kc3 {[%clk 1:30:30]} d5 {[%clk 1:30:30]} 46. Kd3 {[%clk 1:30:30]} d4 {[%clk
1:30:30]} 47. Bf2 {[%clk 1:30:30]} h5 {[%clk 1:30:30]} 48. Nc6 {[%clk 1:30:30]}
h4 {[%clk 1:30:30]} 49. h3 {[%clk 1:30:30]} g5 {[%clk 1:30:30]} 50. Nb4 {[%clk
1:30:30]} 1-0

[Event "8th Vellmar Chess Days"]
[Site "chess24.com"]
[Date "2016.07.29"]
[Round "3"]
[White "Hansult, Manfred"]
[Black "Koronowski, Heinz-Juergen"]
[Result "1-0"]
[Board "44"]
[WhiteElo "1886"]
[WhiteTeam "SF Bad Herrenalb"]
[WhiteCountry "GER"]
[WhiteFideId "4677030"]
[WhiteEloChange "6"]
[BlackElo "1730"]
[BlackTeam "SK Wildeshausen"]
[BlackCountry "GER"]
[BlackFideId "12943762"]
[BlackEloChange "-6"]

1. d4 {[%clk 1:30:30]} Nf6 {[%clk 1:30:30]} 2. Nf3 {[%clk 1:30:30]} g6 {[%clk
1:30:30]} 3. Bg5 {[%clk 1:30:30]} Bg7 {[%clk 1:30:30]} 4. Nbd2 {[%clk 1:30:30]}
d5 {[%clk 1:30:30]} 5. e3 {[%clk 1:30:30]} c5 {[%clk 1:30:30]} 6. c3 {[%clk
1:30:30]} cxd4 {[%clk 1:30:30]} 7. exd4 {[%clk 1:30:30]} O-O {[%clk 1:30:30]} 8.
Bd3 {[%clk 1:30:30]} Nc6 {[%clk 1:30:30]} 9. O-O {[%clk 1:30:30]} Qc7 {[%clk
1:30:30]} 10. Re1 {[%clk 1:30:30]} Re8 {[%clk 1:30:30]} 11. Bh4 {[%clk 1:30:30]}
Nh5 {[%clk 1:30:30]} 12. Qb3 {[%clk 1:30:30]} Qd6 {[%clk 1:30:30]} 13. Rad1
{[%clk 1:30:30]} b6 {[%clk 1:30:30]} 14. Bb5 {[%clk 1:30:30]} Bd7 {[%clk
1:30:30]} 15. Nf1 {[%clk 1:30:30]} Na5 {[%clk 1:30:30]} 16. Qa4 {[%clk 1:30:30]}
Bxb5 {[%clk 1:30:30]} 17. Qxb5 {[%clk 1:30:30]} Nc4 {[%clk 1:30:30]} 18. Ne3
{[%clk 1:30:30]} Nxe3 {[%clk 1:30:30]} 19. Rxe3 {[%clk 1:30:30]} a6 {[%clk
1:30:30]} 20. Qb3 {[%clk 1:30:30]} b5 {[%clk 1:30:30]} 21. a3 {[%clk 1:30:30]} e6
{[%clk 1:30:30]} 22. Ne5 {[%clk 1:30:30]} Bf6 {[%clk 1:30:30]} 23. Bxf6 {[%clk
1:30:30]} Nxf6 {[%clk 1:30:30]} 24. Rf3 {[%clk 1:30:30]} Kg7 {[%clk 1:30:30]} 25.
Qc2 {[%clk 1:30:30]} Rf8 {[%clk 1:30:30]} 26. Rh3 {[%clk 1:30:30]} h5 {[%clk
1:30:30]} 27. Qc1 {[%clk 1:30:30]} Rh8 {[%clk 1:30:30]} 28. Rdd3 {[%clk 1:30:30]}
Ng4 {[%clk 1:30:30]} 29. Nxg4 {[%clk 1:30:30]} hxg4 {[%clk 1:30:30]} 30. Rxh8
{[%clk 1:30:30]} Rxh8 {[%clk 1:30:30]} 31. g3 {[%clk 1:30:30]} Rh5 {[%clk
1:30:30]} 32. Qd1 {[%clk 1:30:30]} f5 {[%clk 1:30:30]} 33. Re3 {[%clk 1:30:30]}
g5 {[%clk 1:30:30]} 34. Re5 {[%clk 1:30:30]} Rh6 {[%clk 1:30:30]} 35. f3 {[%clk
1:30:30]} gxf3 {[%clk 1:30:30]} 36. Qxf3 {[%clk 1:30:30]} Qe7 {[%clk 1:30:30]}
37. Qxd5 {[%clk 1:30:30]} Qf7 {[%clk 1:30:30]} 38. Qf3 {[%clk 1:30:30]} g4 {[%clk
1:30:30]} 39. Qe2 {[%clk 1:30:30]} Rf6 {[%clk 1:30:30]} 40. Kh1 {[%clk 1:30:30]}
Qb7+ {[%clk 1:30:30]} 41. Qg2 {[%clk 1:30:30]} Qd7 {[%clk 1:30:30]} 42. Qe2
{[%clk 1:30:30]} Rh6 {[%clk 1:30:30]} 43. Kg1 {[%clk 1:30:30]} Qc6 {[%clk
1:30:30]} 44. Rc5 {[%clk 1:30:30]} Qd7 {[%clk 1:30:30]} 45. Qe5+ {[%clk 1:30:30]}
Kf8 {[%clk 1:30:30]} 46. Qb8+ {[%clk 1:30:30]} 1-0

[Event "8th Vellmar Chess Days"]
[Site "chess24.com"]
[Date "2016.07.29"]
[Round "3"]
[White "Rehbein, Ullrich"]
[Black "Schmidt, Daniel"]
[Result "1/2-1/2"]
[Board "45"]
[WhiteElo "1800"]
[WhiteTeam "TG Wehlheiden"]
[WhiteCountry "GER"]
[WhiteFideId "4681037"]
[WhiteEloChange "2"]
[BlackElo "1876"]
[BlackTeam "SG Stadtilm"]
[BlackCountry "GER"]
[BlackFideId "12957950"]
[BlackEloChange "-2"]

1. d4 {[%clk 1:30:30]} Nf6 {[%clk 1:30:30]} 2. Nf3 {[%clk 1:30:30]} g6 {[%clk
1:30:30]} 3. c4 {[%clk 1:30:30]} Bg7 {[%clk 1:30:30]} 4. Nc3 {[%clk 1:30:30]} O-O
{[%clk 1:30:30]} 5. Bf4 {[%clk 1:30:30]} d6 {[%clk 1:30:30]} 6. e3 {[%clk
1:30:30]} Nbd7 {[%clk 1:30:30]} 7. Bd3 {[%clk 1:30:30]} c5 {[%clk 1:30:30]} 8.
O-O {[%clk 1:30:30]} Re8 {[%clk 1:30:30]} 9. Qc2 {[%clk 1:30:30]} b6 {[%clk
1:30:30]} 10. d5 {[%clk 1:30:30]} Nf8 {[%clk 1:30:30]} 11. h3 {[%clk 1:30:30]} e5
{[%clk 1:30:30]} 12. dxe6 {[%clk 1:30:30]} Nxe6 {[%clk 1:30:30]} 13. Bg3 {[%clk
1:30:30]} Bb7 {[%clk 1:30:30]} 14. e4 {[%clk 1:30:30]} Nh5 {[%clk 1:30:30]} 15.
Rad1 {[%clk 1:30:30]} Nxg3 {[%clk 1:30:30]} 16. fxg3 {[%clk 1:30:30]} Nd4 {[%clk
1:30:30]} 17. Qb1 {[%clk 1:30:30]} Bc6 {[%clk 1:30:30]} 18. Nd5 {[%clk 1:30:30]}
a6 {[%clk 1:30:30]} 19. h4 {[%clk 1:30:30]} b5 {[%clk 1:30:30]} 20. Kh1 {[%clk
1:30:30]} Rb8 {[%clk 1:30:30]} 21. h5 {[%clk 1:30:30]} Nxf3 {[%clk 1:30:30]} 22.
Rxf3 {[%clk 1:30:30]} Bxd5 {[%clk 1:30:30]} 23. exd5 {[%clk 1:30:30]} Qg5 {[%clk
1:30:30]} 24. g4 {[%clk 1:30:30]} bxc4 {[%clk 1:30:30]} 25. hxg6 {[%clk 1:30:30]}
hxg6 {[%clk 1:30:30]} 26. Bxc4 {[%clk 1:30:30]} Rxb2 {[%clk 1:30:30]} 27. Qd3
{[%clk 1:30:30]} Qxg4 {[%clk 1:30:30]} 28. Qf1 {[%clk 1:30:30]} Rf8 {[%clk
1:30:30]} 29. Re1 {[%clk 1:30:30]} Be5 {[%clk 1:30:30]} 30. Rxe5 {[%clk 1:30:30]}
dxe5 {[%clk 1:30:30]} 31. d6 {[%clk 1:30:30]} Rb7 {[%clk 1:30:30]} 32. Rh3 {[%clk
1:30:30]} Rd7 {[%clk 1:30:30]} 33. Qf6 {[%clk 1:30:30]} Qxh3+ {[%clk 1:30:30]}
34. gxh3 {[%clk 1:30:30]} Kh7 {[%clk 1:30:30]} 35. Qxe5 {[%clk 1:30:30]} 1/2-1/2

[Event "8th Vellmar Chess Days"]
[Site "chess24.com"]
[Date "2016.07.29"]
[Round "3"]
[White "Helmer, Jan"]
[Black "Schnegelsberg, Karl-Heinz"]
[Result "0-1"]
[Board "46"]
[WhiteElo "1799"]
[WhiteTeam "Hamelner SV"]
[WhiteCountry "GER"]
[WhiteFideId "12956686"]
[WhiteEloChange "-5"]
[BlackElo "1990"]
[BlackTeam "Kasseler SK"]
[BlackCountry "GER"]
[BlackFideId "4653335"]
[BlackEloChange "5"]

1. d4 {[%clk 1:30:30]} Nf6 {[%clk 1:30:30]} 2. Nf3 {[%clk 1:30:30]} g6 {[%clk
1:30:30]} 3. Nc3 {[%clk 1:30:30]} d5 {[%clk 1:30:30]} 4. Bf4 {[%clk 1:30:30]} Bg7
{[%clk 1:30:30]} 5. Qd2 {[%clk 1:30:30]} h6 {[%clk 1:30:30]} 6. h3 {[%clk
1:30:30]} c6 {[%clk 1:30:30]} 7. g4 {[%clk 1:30:30]} g5 {[%clk 1:30:30]} 8. Bh2
{[%clk 1:30:30]} Nbd7 {[%clk 1:30:30]} 9. Ne5 {[%clk 1:30:30]} Nxe5 {[%clk
1:30:30]} 10. dxe5 {[%clk 1:30:30]} Nd7 {[%clk 1:30:30]} 11. e4 {[%clk 1:30:30]}
Nxe5 {[%clk 1:30:30]} 12. Bxe5 {[%clk 1:30:30]} Bxe5 {[%clk 1:30:30]} 13. exd5
{[%clk 1:30:30]} cxd5 {[%clk 1:30:30]} 14. Bg2 {[%clk 1:30:30]} e6 {[%clk
1:30:30]} 15. O-O {[%clk 1:30:30]} O-O {[%clk 1:30:30]} 16. Rae1 {[%clk 1:30:30]}
Bg7 {[%clk 1:30:30]} 17. Kh1 {[%clk 1:30:30]} d4 {[%clk 1:30:30]} 18. Ne4 {[%clk
1:30:30]} e5 {[%clk 1:30:30]} 19. Ng3 {[%clk 1:30:30]} Re8 {[%clk 1:30:30]} 20.
Be4 {[%clk 1:30:30]} Be6 {[%clk 1:30:30]} 21. Nh5 {[%clk 1:30:30]} Bd5 {[%clk
1:30:30]} 22. f3 {[%clk 1:30:30]} Rc8 {[%clk 1:30:30]} 23. Rg1 {[%clk 1:30:30]}
Rc6 {[%clk 1:30:30]} 24. h4 {[%clk 1:30:30]} Bf8 {[%clk 1:30:30]} 25. hxg5 {[%clk
1:30:30]} Bxe4 {[%clk 1:30:30]} 26. Rxe4 {[%clk 1:30:30]} hxg5 {[%clk 1:30:30]}
27. Rg3 {[%clk 1:30:30]} Rh6 {[%clk 1:30:30]} 28. Kg2 {[%clk 1:30:30]} f5 {[%clk
1:30:30]} 29. Re1 {[%clk 1:30:30]} e4 {[%clk 1:30:30]} 30. Rf1 {[%clk 1:30:30]}
f4 {[%clk 1:30:30]} 31. Rh3 {[%clk 1:30:30]} Qd5 {[%clk 1:30:30]} 32. fxe4 {[%clk
1:30:30]} Qxe4+ {[%clk 1:30:30]} 33. Kf2 {[%clk 1:30:30]} Qe3+ {[%clk 1:30:30]}
34. Qxe3 {[%clk 1:30:30]} dxe3+ {[%clk 1:30:30]} 35. Ke2 {[%clk 1:30:30]} Rd8
{[%clk 1:30:30]} 36. Rd1 {[%clk 1:30:30]} Rhd6 {[%clk 1:30:30]} 37. Nf6+ {[%clk
1:30:30]} Kf7 {[%clk 1:30:30]} 38. Rxd6 {[%clk 1:30:30]} Rxd6 {[%clk 1:30:30]}
39. Ne4 {[%clk 1:30:30]} Rd5 {[%clk 1:30:30]} 40. Rh5 {[%clk 1:30:30]} Kg6 {[%clk
1:30:30]} 41. c4 {[%clk 1:30:30]} Re5 {[%clk 1:30:30]} 42. Nc3 {[%clk 1:30:30]}
Bg7 {[%clk 1:30:30]} 43. Nb5 {[%clk 1:30:30]} Re6 {[%clk 1:30:30]} 44. b3 {[%clk
1:30:30]} Be5 {[%clk 1:30:30]} 45. Rh1 {[%clk 1:30:30]} a6 {[%clk 1:30:30]} 46.
Na3 {[%clk 1:30:30]} Rd6 {[%clk 1:30:30]} 47. Nb1 {[%clk 1:30:30]} Bb2 {[%clk
1:30:30]} 48. Kf3 {[%clk 1:30:30]} Rd7 {[%clk 1:30:30]} 49. Rh2 {[%clk 1:30:30]}
Be5 {[%clk 1:30:30]} 50. Na3 {[%clk 1:30:30]} Rd1 {[%clk 1:30:30]} 51. Nc2 {[%clk
1:30:30]} Rf1+ {[%clk 1:30:30]} 52. Ke2 {[%clk 1:30:30]} Rc1 {[%clk 1:30:30]} 53.
Kf3 {[%clk 1:30:30]} Bc3 {[%clk 1:30:30]} 54. Re2 {[%clk 1:30:30]} Rh1 {[%clk
1:30:30]} 55. Ke4 {[%clk 1:30:30]} Rg1 {[%clk 1:30:30]} 56. Kd3 {[%clk 1:30:30]}
Bf6 {[%clk 1:30:30]} 57. a4 {[%clk 1:30:30]} Rxg4 {[%clk 1:30:30]} 58. b4 {[%clk
1:30:30]} Kf5 {[%clk 1:30:30]} 59. c5 {[%clk 1:30:30]} Rg1 {[%clk 1:30:30]} 60.
a5 {[%clk 1:30:30]} Rd1+ {[%clk 1:30:30]} 61. Kc4 {[%clk 1:30:30]} Rd2 {[%clk
1:30:30]} 62. Nxe3+ {[%clk 1:30:30]} fxe3 {[%clk 1:30:30]} 63. Rxe3 {[%clk
1:30:30]} g4 {[%clk 1:30:30]} 64. Rd3 {[%clk 1:30:30]} Rxd3 {[%clk 1:30:30]} 65.
Kxd3 {[%clk 1:30:30]} g3 {[%clk 1:30:30]} 66. Ke2 {[%clk 1:30:30]} Ke4 {[%clk
1:30:30]} 67. b5 {[%clk 1:30:30]} axb5 {[%clk 1:30:30]} 68. c6 {[%clk 1:30:30]}
bxc6 {[%clk 1:30:30]} 69. a6 {[%clk 1:30:30]} Bd4 {[%clk 1:30:30]} 0-1